Hodnotenie stavu zodpovedného podnikania na Slovensku a predpokladateľné trendy jeho vývoja
Synergické hodnotenie najdôležitejších skutočností v oblasti ZP na Slovensku, prezentácia modelu systému zodpovedného podnikania existujúceho v SR. Odporúčania na zlepšenie stavu zodpovedného podnikania. Predpokladané trendy vývoja zodpovedného podnikania. Základné trendy zodpovedného podnikania a u...
Salvato in:
| Autore principale: | |
|---|---|
| Natura: | Capitolo di libro |
| Lingua: | slovacco |
| Soggetti: | |
| Tags: |
Nessun Tag, puoi essere il primo ad aggiungerne!!
|
MARC
| LEADER | 00000nla a2200000 4500 | ||
|---|---|---|---|
| 001 | 0198135 | ||
| 005 | 20240522123018.9 | ||
| 041 | 0 | |a slo | |
| 044 | |a SK | ||
| 245 | 1 | 0 | |a Hodnotenie stavu zodpovedného podnikania na Slovensku a predpokladateľné trendy jeho vývoja |c Gabriela Dubcová |
| 520 | |a Synergické hodnotenie najdôležitejších skutočností v oblasti ZP na Slovensku, prezentácia modelu systému zodpovedného podnikania existujúceho v SR. Odporúčania na zlepšenie stavu zodpovedného podnikania. Predpokladané trendy vývoja zodpovedného podnikania. Základné trendy zodpovedného podnikania a udržateľného rastu. Ťažiskové trendy ZP. | ||
| 610 | 2 | 0 | |a podnikanie zodpovedné |
| 610 | 2 | 0 | |a modely |
| 610 | 2 | 0 | |a Slovensko |
| 100 | 1 | |a Dubcová, Gabriela, 1968- | |